| 000 | 01292nam a2200313 a 4500 | ||
|---|---|---|---|
| 001 | |||
| 003 | OSt | ||
| 005 | 20220321091039.0 | ||
| 008 | 120202s2020 dr 000 0 spa d | ||
| 020 | _a9789945904918 | ||
| 040 |
_aDO-SdBNP _bspa _cBNPHU |
||
| 082 | 4 |
_a972.9302 _bD671i _222 |
|
| 100 | 1 |
_aDomínguez, Mauricia _977755 |
|
| 245 | 1 | 3 |
_aLa Isabela : _bpuerta de América / _cMauricia Domínguez, Linda Roca Pezzotti |
| 260 |
_aSanto Domingo : _bMinisterio de Cultura, _c2020 |
||
| 300 |
_a177 p. ; _bils., fots., _c25 cm. |
||
| 500 | _aIncluye referencias bibliográficas y notas al pie de las páginas. | ||
| 504 | _aBibliografía : p. 139-114 | ||
| 505 | _aPresentación -- Preámbulo -- El sitio de la Isabela -- Abandono y rescate -- El valor universal excepcional -- Epílogo -- Apéndices--Traducción al inglés . | ||
| 526 | _a | ||
| 546 | _aTexto en español e inglés | ||
| 590 | _aInventariado,2021/VM | ||
| 650 | 4 |
_a Indígenas de la española (Haití y República Dominicana) _977763 |
|
| 651 | 4 |
_aLa Isabela ( República Dominicana) _xHistoria _977758 |
|
| 651 | 4 |
_aRepública Dominicana _v _xHistoria _977759 _y Descubrimiento y conquista,*1492-1503 |
|
| 700 | 1 |
_a Roca Pezzotti, Linda _977760 |
|
| 910 | _a VMateo/Validado, 2021/MFF | ||
| 942 |
_2ddc _cLBS1 |
||
| 999 |
_c49365 _d49365 |
||